| 000 | 01244nam a22002777a 4500 | ||
|---|---|---|---|
| 003 | OSt | ||
| 005 | 20240918115012.0 | ||
| 007 | cr ||||||a|c|a | ||
| 008 | 221123s2021 |mxa|||fo|m|| 001 0 spa d | ||
| 040 | _erda | ||
| 100 |
_9185717 _aMartínez Guevara, Alfonso |
||
| 245 | 1 |
_aDesarrollo e implementación de un sistema inteligente para clasificación de tomates (Solanum Lycopersicum) / _cpor Alfonso Martínez Guevara, director de tesis Juan Carlos Olguín Rojas. |
|
| 264 |
_aChapingo, México : _bEl autor, _c2021. |
||
| 300 |
_a1 recurso en línea (106 páginas). _bcuadros, figuras. |
||
| 336 |
_2rdacontent _atexto _btxt |
||
| 337 |
_2rdamedia _acomputadora _bc |
||
| 338 |
_2rdacarrier _arecurso en línea _bcr |
||
| 502 |
_bIMAg _cMecánica _d2021. _gLIC |
||
| 504 | _aIncluye referencias bibliográficas: páginas 77-80. | ||
| 650 | 2 |
_9132282 _aTomáte _xVisión computarizada _xModelos matemáticos |
|
| 650 | 0 |
_9149379 _aTomate _xEstandarización y clasificación |
|
| 650 | 7 |
_9113735 _aTomate _xMaduración |
|
| 700 |
_aOlguín Rojas, Juan Carlos _9185728 _eDirector de tesis. |
||
| 856 |
_uhttp://10.13.5.2/tesis/tl/2021_MA_Martinez_Guevara_Alfonso.pdf _zDESCARGAR PDF |
||
| 942 |
_2Clasificación Universidad Autónoma Chapingo _cTD |
||
| 999 |
_c217857 _d217857 |
||